Da Pergamo a Roma : i Galati nella città degli Attalidi /

محفوظ في:

المؤلف الرئيسي: Coarelli, Filippo (مؤلف)

مؤلفون مشاركون: Università degli studi di Roma "La Sapienza". Museo dell'arte classica., Università degli studi di Roma "La Sapienza." Dipartimento di scienze storiche, archeologiche ed antropologiche dell'antichità., Università di Perugia. Istituto di studi comparati sulle società antiche.

مؤلفون آخرون: Fincker, Myriam.

التنسيق: كتاب

اللغة: Italian

الموضوعات:

الوسوم: إضافة وسم

لا توجد وسوم, كن أول من يضع وسما على هذه التسجيلة!

رقم الطلب: NB91 .P47 C63 1995

LEADER 01986namaa2200397 4500
001 14950
003 OSt
005 20201103125744.0
008 130303s1995 it a g bc 000 0 ita d
952 |0 0  |1 0  |2 lcc  |4 0  |6 NB0091 P47 C63 01995  |7 1  |9 7288  |a ARCE  |b ARCE  |d 2020-11-03  |l 0  |o NB91 .P47 C63 1995  |p 1023905  |r 2020-11-03 00:00:00  |w 2020-11-03  |y BK 
999 |c 15379  |d 15379 
020 |a 887140081X 
040 |c ARCE Library 
043 |a a-tu---  |a e-it--- 
050 0 4 |a NB91 .P47 C63 1995 
100 1 |a Coarelli, Filippo,  |e author  |9 28150 
245 1 0 |a Da Pergamo a Roma :  |b i Galati nella città degli Attalidi /  |c Filippo Coarelli, con un'appendice di Myriam Fincker. 
264 1 |a Roma :  |b Quasar,  |c c1995. 
300 |a 84 pages :  |b illustrations ;  |c 24 cm. 
336 |a text  |b txt  |2 rdacontent 
337 |a unmediated  |b n  |2 rdamedia 
338 |a volume  |b nc  |2 rdacarrier 
500 |a "Università degli studi di Roma "La Sapienza," Gipsoteca, 20 marzo-29 ottobre 1995." 
500 |a At head of title : Museo dell'arte classica, Gipsoteca ; Università degli studi di Roma "La Sapienza", Dipartimento di scienze storiche, archeologiche e antropologiche dell'antichità ; Università degli studi di Perugia, Istituto di studi comparati sulle società antiche. 
504 |a Includes bibliographical references. 
650 0 |a Sculpture, Pergamene  |v Exhibitions. 
650 0 |a Sculpture, Pergamene  |x Reproduction  |v Exhibitions. 
650 0 |a Sculpture  |z Italy  |z Rome  |v Exhibitions. 
650 0 |a Galatians in art  |v Exhibitions.  |9 8506 
651 0 |a Bergama (Turkey)  |x Antiquities  |v Exhibitions. 
700 1 |a Fincker, Myriam.  |9 30013 
710 2 |a Università degli studi di Roma "La Sapienza".  |b Museo dell'arte classica. 
710 2 |a Università degli studi di Roma "La Sapienza."  |b Dipartimento di scienze storiche, archeologiche ed antropologiche dell'antichità. 
710 2 |a Università di Perugia.  |b Istituto di studi comparati sulle società antiche. 
901 |a reviewed 
942 |c BK  |2 lcc